| 000 | 00425 a2200169 4500 | ||
|---|---|---|---|
| 001 | 71699 | ||
| 020 | _a8505000285 | ||
| 040 | _cAnchieta - Colégio São Paulo | ||
| 100 | _aGomes, Valderez Cardoso | ||
| 240 | 1 | 0 |
_aHistórias de Jesus e seus amigos _lpor |
| 245 | 1 | 0 | _aHistórias de Jesus e seus amigos |
| 300 | _a156[1p.] | ||
| 362 | 0 | _a1983 | |
| 440 | 1 | _aPaulinas | |
| 650 | 4 | _aLiteratura infanto-juvenil | |
| 942 | _cBK | ||
| 999 |
_c71699 _d71699 |
||